Kargil Toons: A Selection of Cartoons (Record no. 1709)
[ view plain ]
| 000 -LEADER | |
|---|---|
| fixed length control field | 00245nam a22000857a 4500 |
| 008 - FIXED-LENGTH DATA ELEMENTS--GENERAL INFORMATION | |
| fixed length control field | 160704b xxu||||| |||| 00| 0 eng d |
| 100 ## - MAIN ENTRY--PERSONAL NAME | |
| 9 (RLIN) | 2009 |
| Personal name | Gurera, S |
| 245 ## - TITLE STATEMENT | |
| Title | Kargil Toons: A Selection of Cartoons |
| 260 ## - PUBLICATION, DISTRIBUTION, ETC. (IMPRINT) | |
| Place of publication, distribution, etc. | New Delhi |
| Name of publisher, distributor, etc. | Arya Publications |
| Date of publication, distribution, etc. | 1997 |
| Withdrawn status | Lost status | Source of classification or shelving scheme | Damaged status | Not for loan | Home library | Current library | Date acquired | Total Checkouts | Full call number | Barcode | Date last seen | Date last checked out | Price effective from | Koha item type |
|---|---|---|---|---|---|---|---|---|---|---|---|---|---|---|
| Dewey Decimal Classification | Good Samaritan School Library | Good Samaritan School Library | 07/04/2016 | 1 | 741 | GUR2295 | 12/03/2018 | 11/26/2018 | 07/04/2016 | BOOK |